LEADER 01822nam0 22003733i 450 001 TO00632404 005 20231121125839.0 010 $a0691035423 100 $a20071016d1976 ||||0itac50 ba 101 | $aeng 102 $aus 181 1$6z01$ai $bxxxe 182 1$6z01$an 200 1 $a˜The œPrinceton encyclopedia of classical sites$fRichard Stillwell editor$gWilliam L. MacDonald associate editor$gMarian Holland McAllister assistant editor 210 $aPrinceton$cPrinceton University press$d1976 215 $aXXII, 1019, 24 p. di tav.$cill.$d28 cm 606 $aArcheologia$xEnciclopedie e dizionari$2FIR$3RMLC002537$9I 606 $aAntichita classiche$xEnciclopedie e dizionari$2FIR$3RMLC077180$9I 702 1$aStillwell$b, Richard$3IEIV028803 702 1$aMcAllister$b, Marian Holland$3NAPV068551 702 1$aMacDonald$b, William L.$3SBLV035120 790 1$aHolland McAllister$b, Marian$3CFIV266542$zMcAllister, Marian Holland 790 1$aMacAllister$b, Marian Holland$3NAPV200410$zMcAllister, Marian Holland 790 1$aMacDonald$b, William Lloyd$3CFIV166173$zMacDonald, William L. 801 3$aIT$bIT-01$c20071016 850 $aIT-RM028 $aIT-RM0285 $aIT-FR0017 899 $aBiblioteca Universitaria Alessandrina$bRM028 899 $aBiblioteca Dell'Istituto Nazionale Di Studi Romani$bRM0285 899 $aBiblioteca umanistica Giorgio Aprea$bFR0017 912 $aTO00632404 950 0$aBiblioteca umanistica Giorgio Aprea$d 52CIS S.Sij.E4 Princ.Enc.Sti.$e 52VM 0000126415 VM barcode:00072069. - Inventario:949 ATENEO. - Fondo:Fondo SijpesteijnVM$fB $h19600101$i20121204 977 $a 01$a 13$a 52 996 $aPrinceton encyclopedia of classical sites$9287566 997 $aUNICAS LEADER 01093nam0 22002891i 450 001 UON00070859 005 20231205102350.352 010 $a09-466-2123-3 100 $a20020107d1991 |0itac50 ba 101 $aeng 102 $aGB 105 $a|||| ||||| 200 1 $aPrinciples of islamic jurisprudence$fMohammad Hashim Kamali 205 $aRevised edition 210 $aCambridge$cIslamic Texts Society$d1991 215 $axxi,417 p.$d25 cm 606 $aGIURISPRUDENZA ISLAMICA$3UONC019732$2FI 620 $dCambridge$3UONL000022 676 $a342.00917671$cGIURISPRUDENZA ISLAMICA$v21 700 1$aKamali$bMohammad Hashim$3UONV045587$0658206 790 0$aMOHAMMAD Hashim Kamali$zKamali, Mohammad Hashim$3UONV045588 801 $aIT$bSOL$c20250620$gRICA 899 $aSIBA - SISTEMA BIBLIOTECARIO DI ATENEO$2UONSI 912 $aUON00070859 950 $aSIBA - SISTEMA BIBLIOTECARIO DI ATENEO$dSI XV 071 $eSI AA 14697 5 071 996 $aPrinciples of islamic jurisprudence$91160072 997 $aUNIOR